000 00414nam a2200145 i 4500
001 46241
003 ES-MaACL
005 20230906161340.0
007 t|
008 030328s1973 sp ||||1| spa d
245 0 0 _aCompilación del Derecho Civil Foral de Navarra...
_b: Ley 1 de 1º de marzo de 1973.
260 _a[Madrid] :
_bReus,
_c1973.
300 _a283 p. ;
_c14 cm.
852 _aES-MaACL
_jC-53757
_bR.86884
999 _c46241
_d46241